Statistics for All Collectable Zombie Cards in Plants vs. Zombies Heroes

Click here to take the quiz!

General Stats

  • This quiz has been taken 23 times
  • The average score is 88 of 252

Answer Stats

ClassSunAnswer% Correct
Sneaky1Imp
82%
Hearty4Zombie King
73%
Beastly9Zombot 1000
73%
Crazy1Bungee Plumber
64%
Brainy2Cosmic Scientist
64%
Beastly7Gargantuar-Throwing Gargantuar
64%
Sneaky2Imp-Throwing Imp
64%
Beastly8Octo Zombie
64%
Sneaky3Smelly Zombie
64%
Sneaky0Swabbie
64%
Brainy1Teleport
64%
Sneaky8Zombot Plank Walker
64%
Beastly2Zookeeper
64%
Hearty5All-Star Zombie
55%
Crazy1Backup Dancer
55%
Hearty1Baseball Zombie
55%
Brainy2Beam Me Up
55%
Hearty4Buckethead
55%
Beastly1Cat Lady
55%
Hearty2Conehead
55%
Sneaky3Cosmic Imp
55%
Crazy3Disco Zombie
55%
Crazy2Exploding Fruitcake
55%
Sneaky2Fire Rooster
55%
Crazy5Gargantuar-Throwing Imp
55%
Beastly0Goat
55%
Sneaky2Hot Dog Imp
55%
Hearty5Intergalactic Warlord
55%
Brainy4Mad Chemist
55%
Beastly6Maniacal Laugh
55%
Hearty6Ra Zombie
55%
Beastly1Skunk Punk
55%
Brainy10Trickster
55%
Hearty6Undying Pharaoh
55%
Sneaky1Zombie Chicken
55%
Beastly3Zombie Yeti
55%
Brainy7Zombot Dinotronic Mechasaur
55%
Brainy7Bad Moon Rising
45%
Crazy5Binary Stars
45%
Crazy2Conga Zombie
45%
Beastly4Cosmic Yeti
45%
Crazy6Disco-Tron 3000
45%
Beastly1Dog Walker
45%
Brainy3Electrician
45%
Sneaky3Excavator Zombie
45%
Sneaky4Firefighter
45%
Crazy5Flamenco Zombie
45%
Crazy1Grave Robber
45%
Hearty1Healthy Treat
45%
Beastly3Hover-Goat 3000
45%
Crazy5Imp-Throwing Gargantuar
45%
Crazy3Jester
45%
Hearty7Knight of the Living Dead
45%
Hearty3Landscaper
45%
Hearty4Medic
45%
Sneaky5Mixed-Up Gravedigger
45%
Beastly2Pied Piper
45%
Brainy3Rocket Science
45%
Hearty7Rodeo Gargantuar
45%
Beastly1Secret Agent
45%
Sneaky1Smoke Bomb
45%
Hearty2Sumo Wrestler
45%
Sneaky2Swashbuckler Zombie
45%
Hearty3Team Mascot
45%
Brainy2Teleportation Zombie
45%
Sneaky2Toxic Waste Imp
45%
Brainy2Transformation Station
45%
Brainy2Zombot Drone Engineer
45%
Crazy3Abracadaver
36%
Beastly3Area 22
36%
Hearty1Arm Wrestler
36%
Sneaky3Backyard Bounce
36%
Sneaky2Barrel of Barrels
36%
Crazy2Barrel of Deadbeards
36%
Sneaky4Barrel Roller Zombie
36%
Beastly4B-flat
36%
Hearty4Bonus Track Buckethead
36%
Sneaky3Captain Flameface
36%
Brainy1Cardboard Robot Zombie
36%
Hearty6Coffee Zombie
36%
Hearty2Cone Zone
36%
Crazy4Cosmic Dancer
36%
Brainy2Cryo-Brain
36%
Sneaky5Cryo-Yeti
36%
Crazy2Cuckoo Zombie
36%
Beastly2Cyborg Zombie
36%
Hearty6Defensive End
36%
Beastly3Dolphin Rider
36%
Sneaky2Dr. Spacetime
36%
Brainy4Drum Major
36%
Beastly2Energy Drink Zombie
36%
Beastly2Extinction Event
36%
Crazy2Final Mission
36%
Crazy5Foot Soldier Zombie
36%
Crazy11Gargantuars' Feast
36%
Hearty2Gargologist
36%
Hearty3Going Viral
36%
Brainy6Hail-a-Copter
36%
Sneaky1Headstone Carver
36%
Beastly2Hunting Grounds
36%
Sneaky3Imp Commander
36%
Brainy1Interdimensional Zombie
36%
Hearty2Jurassic Fossilhead
36%
Brainy1Leprechaun Imp
36%
Beastly5Locust Swarm
36%
Crazy1Loose Cannon
36%
Beastly3Loudmouth
36%
Beastly5Mondo Bronto
36%
Crazy3Moon Base Z
36%
Brainy1Mustache Waxer
36%
Brainy1Paparazzi Zombie
36%
Brainy4Parasol Zombie
36%
Brainy5Portal Technician
36%
Crazy1Quickdraw Con Man
36%
Hearty5Screen Door Zombie
36%
Beastly5Smashing Gargantuar
36%
Beastly4Sneezing Zombie
36%
Beastly1Snorkel Zombie
36%
Sneaky3Space Pirate
36%
Sneaky3Stealthy Imp
36%
Crazy2Sugary Treat
36%
Beastly4Surfer Zombie
36%
Beastly2Total Eclipse
36%
Crazy1Trapper Territory
36%
Sneaky4Trapper Zombie
36%
Brainy3Trick-or-Treater
36%
Crazy4Valkyrie
36%
Hearty3Weed Spray
36%
Beastly1Yeti Lunchbox
36%
Hearty4Zombie Coach
36%
Sneaky6Zombot Sharktronic Sub
36%
Sneaky7Zombot Stomp
36%
Crazy3Zombot's Wrath
36%
Beastly3Alien Ooze
27%
Beastly4Ancient Vimpire
27%
Sneaky5Blowgun Imp
27%
Sneaky1Buried Treasure
27%
Hearty1Camel Crossing
27%
Brainy2Cell Phone Zombie
27%
Beastly1Cheese Cutter
27%
Hearty5Chum Champion
27%
Hearty3Cosmic Sports Star
27%
Sneaky6Cursed Gargolith
27%
Beastly6Deep Sea Gargantuar
27%
Crazy2Disco Dance Floor
27%
Brainy3Duckstache
27%
Sneaky1Ducky Tube Zombie
27%
Hearty2Escape through Time
27%
Brainy2Evolutionary Leap
27%
Crazy3Exploding Imp
27%
Hearty2Flag Zombie
27%
Beastly1Fraidy Cat
27%
Sneaky2Frosty Mustache
27%
Brainy5Gadget Scientist
27%
Crazy6Gas Giant
27%
Crazy3Gizzard Lizard
27%
Beastly2Haunting Zombie
27%
Crazy4Headhunter
27%
Sneaky2Ice Pirate
27%
Beastly4Kangaroo Rider
27%
Beastly6King of the Grill
27%
Sneaky3Laser Base Alpha
27%
Sneaky3Line Dancing Zombie
27%
Hearty3Lost Colosseum
27%
Brainy2Lurch for Lunch
27%
Brainy3Medulla Nebula
27%
Crazy2Meteor Z
27%
Sneaky1Mini-Ninja
27%
Sneaky2Monkey Smuggler
27%
Hearty5Monster Mash
27%
Brainy3Moonwalker
27%
Brainy4Mountain Climber
27%
Brainy3Mustache Monument
27%
Crazy2Newspaper Zombie
27%
Beastly1Nibble
27%
Beastly7Nurse Gargantuar
27%
Crazy4Orchestra Conductor
27%
Beastly4Overstuffed Zombie
27%
Hearty1Planetary Gladiator
27%
Sneaky4Pogo Bouncer
27%
Brainy2Pool Shark
27%
Hearty5Primeval Yeti
27%
Beastly4Primordial Cheese Shover
27%
Crazy2Quasar Wizard
27%
Sneaky3Raiding Raptor
27%
Hearty1Rolling Stone
27%
Brainy5Shieldcrusher Viking
27%
Sneaky4Space Cowboy
27%
Crazy2Space Ninja
27%
Hearty4Stompadon
27%
Beastly5Supernova Gargantuar
27%
Sneaky5Surprise Gargantuar
27%
Beastly2Synchronized Swimmer
27%
Crazy4Tankylosaurus
27%
Crazy1Tennis Champ
27%
Hearty2Terrify
27%
Crazy4The Chickening
27%
Sneaky4Tomb Raiser Zombie
27%
Hearty3Trash Can Zombie
27%
Brainy4Triplication
27%
Hearty4Turquoise Skull Zombie
27%
Crazy1Unlife of the Party
27%
Beastly5Vengeful Cyborg
27%
Beastly3Vimpire
27%
Beastly3Vitamin Z
27%
Sneaky5Walrus Rider
27%
Hearty7Wannabe Hero
27%
Brainy6Wizard Gargantuar
27%
Sneaky3Zombie High Diver
27%
Brainy3Zom-Blob
27%
Hearty1Zombology Teacher
27%
Sneaky6Zombot Aerostatic Gondola
27%
Hearty6Zombot Battlecruiser 5000
27%
Crazy2Aerobics Instructor
18%
Beastly2Biodome Botanist
18%
Hearty1Black Hole
18%
Brainy3Brain Vendor
18%
Crazy4Cakesplosion
18%
Brainy1Chimney Sweep
18%
Brainy5Copter Commando
18%
Crazy1Disco-Naut
18%
Crazy3Fireworks Zombie
18%
Sneaky2Fishy Imp
18%
Crazy5Frankentuar
18%
Brainy3Fun-Dead Raiser
18%
Brainy5Gargantuar Mime
18%
Hearty1Genetic Experiment
18%
Brainy3Gentleman Zombie
18%
Beastly2Haunting Ghost
18%
Crazy5Hippity Hop Gargantuar
18%
Sneaky1Imposter
18%
Beastly4Interstellar Bounty Hunter
18%
Beastly2Killer Whale
18%
Brainy6Kitchen Sink Zombie
18%
Brainy3Kite Flyer
18%
Hearty3Knockout
18%
Hearty2Leftovers
18%
Crazy1Mystery Egg
18%
Brainy1Neutron Imp
18%
Brainy5Pirate's Booty
18%
Brainy3Regifting Zombie
18%
Beastly2Squirrel Herder
18%
Crazy4Stupid Cupid
18%
Brainy4Thinking Cap
18%
Hearty2Turkey Rider
18%
Crazy3Unexpected Gifts
18%
Sneaky4Unthawed Viking
18%
Brainy3Wormhole Gatekeeper
18%
Hearty1Zombie Middle Manager
18%
Crazy2Zombie's Best Friend
18%
Hearty3Celestial Custodian
9%
Sneaky1Graveyard
9%

Score Distribution

Percentile by Number Answered

Percent of People with Each Score

Your Score History

You have not taken this quiz